| 000 | 00694nam a2200241 a 4500 | ||
|---|---|---|---|
| 001 | 67733 | ||
| 003 | BD-RjUL | ||
| 005 | 20211209081704.0 | ||
| 008 | 170328s1982 nyua b 001 0 eng d | ||
| 020 | _a0471029653 : | ||
| 035 | _a(BD-RjUL)67942 | ||
| 040 |
_aDLC _cDLC _dBD-RjUL _beng |
||
| 041 | _aeng | ||
| 082 |
_223 _a620.1 _bSMA 1982 |
||
| 100 | 1 |
_aSmith, Charles E. _9200810 |
|
| 245 | 1 | 0 |
_aApplied mechanics dynamics / _cCharles E. Smith |
| 250 | _a2nd ed. | ||
| 260 |
_aNew York : _bJohn Wiley & Sons, _cc1982. |
||
| 300 |
_axvii, 518 p. : _bill. ; _c24 cm. |
||
| 504 | _aIncludes Bibliography and index. | ||
| 650 | 0 |
_aEngineering Mechanics and Materials _9200811 |
|
| 942 |
_2ddc _cBK |
||
| 999 |
_c67733 _d67733 |
||